书目信息 |
| 题名: |
帝国的迷思
|
|
| 作者: | 斯奈德 著 ;于铁军 译 | |
| 分册: | ||
| 出版信息: | 北京 北京大学出版社 2007 |
|
| 页数: | 32,369页 | |
| 开本: | 23cm | |
| 丛书名: | 大战略研究丛书 | |
| 单 册: | ||
| 中图分类: | D51 | |
| 科图分类: | ||
| 主题词: | 帝国主义--研究 , 帝国主义 , 国际政治 | |
| 电子资源: | ||
| ISBN: | 978-7-301-12789-6 | |
| 000 | 01247oam2 2200301 450 | |
| 001 | 1250934153 | |
| 005 | 20121005141318.32 | |
| 010 | @a978-7-301-12789-6@dCNY46.00 | |
| 100 | @a20070402d2007 em y0chiy50 ea | |
| 101 | 1 | @achi@ceng |
| 102 | @aCN@b110000 | |
| 105 | @ay z 000yy | |
| 200 | 1 | @a帝国的迷思@Adi guo de mi si@e国内政治与对外扩张@dMyths of empire@edomestic politics and international ambition@f(美)杰克·斯奈德(Jack Snyder)著@g于铁军等译@zeng |
| 210 | @a北京@c北京大学出版社@d2007 | |
| 215 | @a32,369页@d23cm | |
| 225 | 2 | @a大战略研究丛书 |
| 330 | @a本书分析讨论了帝国主义与日本的关系,以及他们自身的国家目标。书中分别对乔治·W·布什总统当政下的美国所坚持的伸张政策、20世纪30年代日本帝国主义扩张、随着近年来的经济发展,中国自身也正在崛起为一个大国等问题进行了分析。 | |
| 461 | 0 | @12001 @a大战略研究丛书 |
| 510 | 1 | @aMyths of empire@edomestic politics and international ambition@zeng |
| 517 | 1 | @a国内政治与对外扩张@Aguo nei zheng zhi yu dui wai kuo zhang |
| 606 | 0 | @a帝国主义@x研究 |
| 606 | 0 | @a帝国主义 |
| 606 | 0 | @a国际政治 |
| 690 | @aD51@v4 | |
| 701 | 0 | @c(美)@a斯奈德@Asi nai de@c(Snyder, Jack)@4著 |
| 702 | 0 | @a于铁军@Ayu tie jun@f(1968~)@4译 |
| 801 | 0 | @aCN@bNLC@c20101222 |
| 905 | @a10447@dD51@eJY34 | |
| 帝国的迷思:国内政治与对外扩张=Myths of empire:domestic politics and international ambition/(美)杰克·斯奈德(Jack Snyder)著/于铁军等译.-北京:北京大学出版社,2007 |
| 32,369页;23cm.-(大战略研究丛书) |
| ISBN 978-7-301-12789-6:CNY46.00 |
| 本书分析讨论了帝国主义与日本的关系,以及他们自身的国家目标。书中分别对乔治·W·布什总统当政下的美国所坚持的伸张政策、20世纪30年代日本帝国主义扩张、随着近年来的经济发展,中国自身也正在崛起为一个大国等问题进行了分析。 |
| ● |
| 相关链接 |
|
|
|
|
正题名:帝国的迷思
索取号:D51/JY34
 
预约/预借
| 序号 | 登录号 | 条形码 | 馆藏地/架位号 | 状态 | 备注 |
| 1 | 7811821 | 278118216 | 学院路分馆/ [索取号:D51/JY34] | 在馆 | |
| 2 | 7811822 | 278118225 | 学院路分馆/ [索取号:D51/JY34] | 在馆 |